000
00283nam a2200109Ia 4500
008
230907s9999||||xx |||||||||||||| ||und||
082
_a
621.4021
_b
PRI
245
0
_a
Principles of engineering thermodynamics /
260
_a
Wiley,
_b
New Delhi :
_c
2016
300
_a
867 p.
942
_c
BK
999
_c
600350
_d
600350